000 00211 a2200097 4500
001 1042
100 _aStevenson,W.D.
245 _aElements of power system analysis
260 _a
_bMcgraw
_c
090 _c609
_d609
942 _aNUST-CAE
_cM
_c32589
999 _c236115
_d236115